000 00718cam a2200241u 4500
999 _c41375
_d41375
001 9734775
003 OSt
005 20211124104143.0
008 830202s1873 enka 000 0 eng
010 _a 43035833
020 _a9781344691468
040 _aDLC
_cCarP
_dDLC
050 0 0 _aRA1051
_b.T22 1873
082 _a614.19
_bTAY/P
100 1 _aTaylor, Alfred Swaine,
_d1806-1880
_98927
245 0 4 _aPrinciples and practice of medical jurisprudence : Vol. 2
250 _a2d ed.
260 _aLondon,
_bJ. & A. Churchill,
_c1873.
300 _avolume II
_billus.
_c22 cm.
650 0 _aMedical jurisprudence.
650 0 _aPoisons.
942 _2ddc
_cBK
_h614.19
_iTAY/P
_k614.19
_mTAY/P